|
|
|
|
| LEADER |
01058nam a2200277 a 4500 |
| 001 |
GR-MES1880 |
| 008 |
991111s1987 gr 000 0 gre d |
| 040 |
|
|
|a GrPaTEI
|b gre
|c GR-PaULI
|
| 245 |
0 |
0 |
|a Ζωολογία ασπονδύλων.
|
| 260 |
|
|
|a Θεσσαλονίκη :
|b Γιαχούδη-Γιαπούλη,
|c 1987
|
| 300 |
|
|
|a 336σελ. :
|b σχημ.
|
| 650 |
|
4 |
|a ΑΚΟΙΛΩΜΑΤΑ
|
| 650 |
|
4 |
|a ΑΡΘΡΟΠΟΔΑ
|
| 650 |
|
4 |
|a Ασπόνδυλα
|
| 650 |
|
4 |
|a ΕΥΚΟΙΛΩΜΑΤΑ
|
| 650 |
|
4 |
|a ΕΥΜΕΤΑΖΩΑ
|
| 650 |
|
4 |
|a Ζωολογία
|
| 650 |
|
4 |
|a ΠΑΡΑΖΩΑ
|
| 650 |
|
4 |
|a ΠΡΩΤΙΣΤΑ
|
| 650 |
|
4 |
|a ΨΕΥΔΟΚΟΙΛΩΜΑΤΑ
|
| 700 |
1 |
|
|a Λαζαρίδου-Δημητριάδου, Μ.
|
| 710 |
0 |
|
|a Γιαχούδη-Γιαπούλη
|
| 942 |
|
|
|2 ddc
|
| 952 |
|
|
|0 0
|1 0
|2 ddc
|4 0
|6 592_000000000000000_ΛΑΖ
|7 0
|9 266171
|a MSLG
|b MSLG
|c BSC
|d 2021-01-17
|e 24
|f 0
|g 0.00
|l 0
|o 592 ΛΑΖ
|p 2420000009924
|r 2021-01-17 00:00:00
|t 1
|w 2021-01-17
|y BK15
|x 19991111 0 1
|x GrPaTEI
|
| 971 |
|
|
|a .b2572924x
|b 16-04-20
|c 13-09-16
|
| 999 |
|
|
|c 153068
|d 153068
|